Slaboproudý obzor měsíčník Elektrotechnického svazu československého = Electric Horizont : Signals-, Communications-Informatics
| Format: | Journal |
|---|---|
| Language: | Czech |
| PhysicalDescription: | zv. 30 cm |
| Published: |
Praha
ČVUT, Elektrotechnická fakulta
[1936]-2014
Praha Československá sekce The Institute of Electrical and Electronics Engineers Holice Miloslav Šplíchal |
| ISSN: | 0037-668X 2336-5773 |
| Subjects: |
MARC
| LEADER | 00000cas a2200000 a 4500 | ||
|---|---|---|---|
| 001 | vtls008882962 | ||
| 003 | SK-MaSNL | ||
| 005 | 20260228161436.0 | ||
| 008 | 020710d19362014xr qr p|r 0 0 b0czeoc | ||
| 022 | |a 0037-668X | ||
| 035 | |a (SVKBB03)vtls000120265 | ||
| 040 | |a SVKBB |b slo |c SVKBB |d SNK |e AACR2 | ||
| 041 | 0 | |a cze | |
| 044 | |a xr |c CZ | ||
| 072 | 7 | |a 621.3 |x Elektrotechnika |2 konspekt | |
| 080 | |a 621.31 |2 2011 | ||
| 080 | |a 050 |2 2011 | ||
| 080 | |a (051)-027.561 |2 2011 | ||
| 210 | 0 | |a Slaboproudý obz. |b (Print) | |
| 222 | 0 | |a Slaboproudý obzor |b Praha | |
| 245 | 0 | 0 | |a Slaboproudý obzor |b měsíčník Elektrotechnického svazu československého = Electric Horizont : Signals-, Communications-Informatics |
| 246 | 3 | 1 | |a Electric Horizont |
| 260 | |a Praha |b ČVUT, Elektrotechnická fakulta |c [1936]-2014 | ||
| 260 | 2 | |3 2003-2012 |a Praha |b Československá sekce The Institute of Electrical and Electronics Engineers | |
| 260 | 3 | |3 2013-2014 |a Holice |b Miloslav Šplíchal | |
| 300 | |a zv. |c 30 cm | ||
| 310 | |a 4x ročne |b 2001-2014 | ||
| 321 | |a 1x mesačne | ||
| 362 | 0 | |a Sv. 1, č. 1 (1936)-roč. 70, č. 4 (2014) | |
| 500 | |a Zmeny podnázvu: měsíčník elektrotechnického svazu Českomoravského (1939-[1940]) ; časopis Ústředního výzkumu a technického rozvoje (1951-1952) ; časopis ministerstva strojírenství a ministerstva spoju (1952-1953) | ||
| 500 | |a Prestávky vo vydávaní: 1994, 1998-2000 | ||
| 500 | |a Zmena vydavateľa: Ministerstvo všeobecného strojírenství (1952-1953) | ||
| 650 | 0 | 7 | |a slaboprúdová elektrotechnika |2 SNKPH |9 102817 |
| 655 | 7 | |a odborné časopisy |2 SNKPH |9 70505 | |
| 776 | 0 | |t Slaboproudý obzor (On-line) |x 2336-5773 | |
| 999 | |c 5365 |d 7295 | ||
| 952 | |0 0 |1 1 |4 0 |7 0 |a SNK |b SNK |d 2006-04-10 |i snkČIP 740/68 |l 0 |o snkČB 670/28/1967 |p 17A0504576 |r 2026-02-21 19:52:12 |t č. 1-12 |w 2026-02-21 |y PREZ | ||
| 952 | |0 0 |1 1 |4 0 |7 0 |a SNK |b SNK |d 2006-04-10 |l 0 |o snkČB 670/27/1966 |p 17A0504577 |r 2026-02-21 19:52:12 |t č. 1-12 |w 2026-02-21 |y PREZ | ||
| 952 | |0 0 |1 1 |4 0 |7 0 |a SNK |b SNK |d 2011-09-14 |i snkČIP 1005/78 |l 0 |o snkČB 670/38/1977 |p 17A0709485 |r 2026-02-21 20:22:28 |t č. 1-12 + obsah |w 2026-02-21 |y PREZ | ||
| 952 | |0 0 |1 1 |4 0 |7 0 |a SNK |b SNK |d 1997-07-22 |l 0 |o snkČB 670/52/1991 |p 17A0084577 |r 2005-01-02 00:00:00 |w 2026-02-21 |y PREZ | ||
| 952 | |0 0 |1 1 |4 0 |7 0 |a SNK |b SNK |d 1997-07-22 |l 0 |o snkČB 670/49/1988 |p 17A0084367 |r 2005-01-02 00:00:00 |w 2026-02-21 |y PREZ | ||
| 952 | |0 0 |1 1 |4 0 |7 0 |a SNK |b SNK |d 1997-07-22 |l 0 |o snkČB 670/48/1987 |p 17A0084582 |r 2005-01-02 00:00:00 |w 2026-02-21 |y PREZ | ||
| 952 | |0 0 |1 1 |4 0 |7 0 |a SNK |b SNK |d 1997-07-22 |l 0 |o snkČB 670/51/1990 |p 17A0084747 |r 2005-01-02 00:00:00 |w 2026-02-21 |y PREZ | ||
| 952 | |0 0 |1 1 |4 0 |7 0 |a SNK |b SNK |d 2012-05-17 |i snkČIP 748/81 |l 0 |o snkČB 670/41/1980 |p 17A0888479 |r 2026-02-21 20:30:05 |t č. 1-12 + obsah |w 2026-02-21 |y PREZ | ||
| 952 | |0 0 |1 1 |4 0 |7 0 |a SNK |b SNK |d 1998-10-02 |l 0 |o snkČB 670/17/1956 |p 17A0163760 |r 2005-01-02 00:00:00 |t č. 1-12 |w 2026-02-21 |y PREZ | ||
| 952 | |0 0 |1 1 |4 0 |7 0 |a SNK |b SNK |d 1999-03-08 |l 0 |o snkČB 670/15/1954 |p 17A0184032 |r 2005-01-02 00:00:00 |t č. 1-12 |w 2026-02-21 |y PREZ | ||
| 952 | |0 0 |1 1 |4 0 |7 0 |a SNK |b SNK |d 2004-08-04 |i snk 336/54 |l 0 |o snkČB 670/14/1953 |p 17A0436256 |r 2005-01-02 00:00:00 |w 2026-02-21 |y PREZ | ||
| 952 | |0 0 |1 1 |4 0 |7 0 |a SNK |b SNK |d 2004-08-04 |i snkČIP 1003/56 |l 0 |o snkČB 670/16/1955 |p 17A0436271 |r 2005-01-02 00:00:00 |w 2026-02-21 |y PREZ | ||
| 952 | |0 0 |1 1 |4 0 |7 0 |a SNK |b SNK |d 1997-07-22 |l 0 |o snkČB 670/50/1989 |p 17A0084552 |r 2005-01-02 00:00:00 |w 2026-02-21 |y PREZ | ||
| 952 | |0 0 |1 1 |4 0 |7 0 |a SNK |b SNK |d 1999-08-13 |l 0 |o snkČB 670/31/1970 |p 17A0206633 |r 2005-01-02 00:00:00 |t č. 1-12 |w 2026-02-21 |y PREZ | ||


